01478nam a2200385 i 4500003000900000005001700009008004100026020001800067040004300085082001900128100003100147245012000178264003000298264001000328300004900338336002600387337002800413338002700441490004600468504005200514590004200566650003900608650004200647650003000689650003900719650003000758650004000788651001000828653003800838655001700876700002900893942001200922999001700934952014100951EG-ScBUE20240917113808.0161025t2015 gw a f b 001 0 eng d a9783319230412 aEG-ScBUEbengerdacEG-ScBUEdEG-ScBUE04222a511.8bWIT1 aWitelski, Thomas,eauthor.10aMethods of mathematical modelling : bcontinuous systems and differential equations /cThomas Witelski, Mark Bowen. 1aCham :bSpringer,c[2015] 4cc2015 axviii, 305 pages :billustrations ; c24 cm. 2rdacontentatextbtxt aunmediated2rdamediabn avolumebnc2rdacarrier0 aSpringer undergraduate mathematics series aIncludes bibliographical references and index.  aSuzan Ashmawy, revised by Rahma Essa. 7aMathematical models.2BUEsh933855 7aDifferential equations.2BUEsh937976 7aContinuous groups.2BUEsh 72BUEshaMathematical physics.96575 72BUEshaMathematics.92018 72BUEshaCalculus of variations93105 2BUEsh bENGELCcOctober2016cNovember2016 vReading book1 aBowen, Mark‏,eauthor. 2ddccBB c22839d22811 00102ddc40708AcademicaMAINbMAINc1STd2016-10-25ePurchaseg385.00h9155l0o511.8 WITp000045143r2025-07-15 00:00:00v481.25yBB